Loading...
Manjachekuthante nagaram
| Main Author: | |
|---|---|
| Format: | Printed Book |
| Language: | Malayalam |
| Published: |
Raduga Publications
1986
|
| LEADER | 00441nam a2200121Ia 4500 | ||
|---|---|---|---|
| 008 | 111205s9999 xx 000 0 mal d | ||
| 999 | |c 219825 |d 219825 | ||
| 100 | |a Gorkki ,Maxim | ||
| 245 | |a Manjachekuthante nagaram |c Gorkki ,Maxim | ||
| 260 | |b Raduga Publications |c 1986 | ||
| 300 | |a 196 | ||
| 942 | |c BK | ||
| 952 | |0 0 |1 0 |2 ddc |4 0 |6 891_000000000000000_74G1_MAN |7 0 |9 242818 |a MAL |b MAL |c ST1 |d 1980-03-26 |g 8.00 |l 0 |o 891.74G1 MAN |p MAL20823 |r 2011-12-05 |v 8.00 |w 2011-12-05 |y BK | ||